000 00458cam a2200205ua 4500
001 8915
005 20260515114412.0
008 150218n ii |||gr||||Z||||||eng
020 _a0195619277
040 _cMAIN
041 _aeng
082 _a822
100 _aDatta, K.,
_eEditor.
245 1 _aDoctor fautus
_cEdited by Kitty Datta
250 _a1st.
260 _aDelhi:
_bOxford,
_c1985.
300 _a190p.
653 _aEnglish drama
942 _cBK
999 _c8002
_d8002